La piel de la tierra / (Record no. 104542)

MARC details
000 -LEADER
campo de control de longitud fija 00632nam a2200205 i 4500
001 - NÚMERO DE CONTROL
campo de control 104542
003 - IDENTIFICADOR DE NÚMERO DE CONTROL
campo de control ES-MaACL
005 - FECHA Y HORA DE LA ÚLTIMA TRANSACCIÓN
campo de control 20230906183630.0
007 - CAMPO FIJO DE DESCRIPCIÓN FÍSICA--INFORMACIÓN GENERAL
campo de control de longitud fija t|
008 - DATOS DE LONGITUD FIJA--INFORMACIÓN GENERAL
campo de control de longitud fija 051201s1970 sp ||||1| spa d
100 1# - ENTRADA PRINCIPAL--NOMBRE DE PERSONA
Nombre de persona Miller, A. Austin.
9 (RLIN) 81197
245 13 - MENCIÓN DEL TÍTULO
Título La piel de la tierra /
Mención de responsabilidad, etc. A. Austin Miller; versión de Inocencio Vega...; revisión de José María Ríos.
250 ## - MENCION DE EDICION
Mención de edición [1ª ed.].
260 ## - PUBLICACIÓN, DISTRIBUCIÓN, ETC.
Lugar de publicación, distribución, etc. Madrid :
Nombre del editor, distribuidor, etc. Alhambra,
Fecha de publicación, distribución, etc. 1970.
300 ## - DESCRIPCIÓN FÍSICA
Extensión XI, 249 p. :
Otras características físicas il. ;
Dimensiones 20 cm.
700 1# - ENTRADA AGREGADA--NOMBRE PERSONAL
Nombre de persona Vega, Inocencio.
9 (RLIN) 113550
700 1# - ENTRADA AGREGADA--NOMBRE PERSONAL
Nombre de persona Rios, José María.
9 (RLIN) 201465
852 ## - LOCALIZACIÓN
Ubicación ES-MaACL
Número de control de estantería C-39278
Sublocalización o colección R.72100
Holdings
Estatus retirado Estado de pérdida Estado de daño No para préstamo Biblioteca de origen Biblioteca actual Ubicación en estantería Fecha de adquisición Fuente de adquisición Total de préstamos Signatura topográfica completa Código de barras Visto por última vez Precio de reemplazo Tipo de ítem Koha
        Biblioteca del Ateneo de Madrid Biblioteca del Ateneo de Madrid Depósito 2 17/01/2008     C-39278 1109147 23/02/2023 23/02/2023 Libro impreso